Os du corps humain - Statistiques

Statistiques générales
  • Ce quiz a été pris 23 901 fois
  • Le résultat moyen est 21 sur 65
Réponses sur la Carte
Les réponses sont colorées sur une échelle allant du rouge au vert en fonction du pourcentage des utilisateurs qui les ont devinées à leur premier essai. Vous pouvez retrouver ces pourcentages ci-dessous.
 
Statistiques - réponses
réponse % Correct
jambe fémur
89%
jambe tibia
87%
ceinture scapulaire clavicule
78%
ceinture scapulaire scapula (omoplate)
76%
bras humérus
75%
bras ulna (cubitus)
74%
bras radius
73%
jambe patella
72%
jambe fibula
66%
bassin coccyx (vertèbres coccygiennes)
56%
face mandibule
55%
thorax sternum
55%
crâne frontal
51%
crâne occipital
46%
bassin sacrum (vertèbres sacrées)
44%
crâne temporal
42%
cou vertèbres cervicales
41%
crâne pariétal
40%
face maxillaire
39%
abdomen vertèbres lombaires
39%
main métacarpes
33%
oreille marteau
31%
face nasal
31%
face zygomatique
31%
thorax vertèbres thoraciques
30%
thorax côtes flottantes
28%
oreille enclume
28%
oreille étrier
28%
Ceinture pelvienne pubis
28%
pied métatarses
27%
main scaphoïde
27%
pied talus
26%
main trapèze
26%
crâne sphénoïde
25%
Ceinture pelvienne ilium
24%
main lunatum
24%
main trapézoïde
23%
main pisiforme
22%
pied cuboïde
21%
thorax fausses côtes
21%
main hamatum
21%
main phalanges distales
21%
pied phalanges distales
21%
thorax vraies côtes
21%
main capitatum
20%
crâne ethmoïde
20%
main phalanges proximales
20%
pied phalanges proximales
20%
pied calcanéus
19%
ceinture scapulaire manubrium sternal
19%
main phalanges intermédiaires
18%
pied phalanges intermédiaires
18%
main triquetrum
18%
pied naviculaire
17%
larynx hyoïde
16%
Ceinture pelvienne ischium
16%
face lacrymal
16%
face vomer
15%
face palatin
13%
face cornet nasal inférieur
11%
pied cunéiforme latéral
11%
pied cunéiforme médial
11%
pied cunéiforme intermédiaire
10%
main sésamoïdes
10%
pied sésamoïdes
10%
Aucun quiz correspondant
Distribution des résultats
% des personnes avec chaque résultat
Percentile par nombre de réponses
Votre historique - résultats
Vous n’avez pas pris ce quiz